[Event "Mondiale Lampo FIDE 2017"]
[Site "Riyadh"]
[Date "29.12.2017"]
[Round "6.53"]
[White "Ibrahimov, Rasul"]
[Black "Al Jabri, Mohammed Ali"]
[Result "1-0"]
[WhiteTitle "GM"]
[WhiteElo "2518"]
[BlackElo "2154"]
[WhiteFideId "13400495"]
[BlackFideId "7604734"]
[EventDate "2017.12.29"]

1. Nf3 c5 2. g3 Nc6 3. Bg2 Nf6 4. c4 d5 5. cxd5 Nxd5 6. O-O e5 7. Nc3 Nb6 8. d3
Be7 9. Be3 O-O 10. Rc1 Be6 11. Ne4 c4 12. Nc5 Bd5 13. Nxb7 Qb8 14. Nc5 Nd4 15.
Nxd4 Bxg2 16. Kxg2 Bxc5 17. Nf3 Bxe3 18. fxe3 Rd8 19. e4 cxd3 20. exd3 Qd6 21.
Rf2 Rd7 22. Rc3 Rad8 23. Qc2 h6 24. a3 Qe7 25. b4 Nc8 26. Rxc8 Rxd3 27. Rxd8+
Rxd8 28. Rd2 Re8 29. Qc6 Rb8 30. Rd7 Qe8 31. Qd5 Rc8 32. Nxe5 Rc2+ 33. Kh3 Qe6+
34. Qxe6 fxe6 35. Rxa7 Re2 36. Nc6 Rxe4 37. b5 1-0

[Event "Mondiale Lampo FIDE 2017"]
[Site "Riyadh"]
[Date "29.12.2017"]
[Round "6.54"]
[White "Saeed, Ishaq"]
[Black "Halkias, Stelios"]
[Result "0-1"]
[WhiteTitle "FM"]
[BlackTitle "GM"]
[WhiteElo "2434"]
[BlackElo "2571"]
[WhiteFideId "9301453"]
[BlackFideId "4201809"]
[EventDate "2017.12.29"]

1. d4 Nf6 2. c4 e6 3. Nf3 c5 4. d5 d6 5. Nc3 exd5 6. cxd5 g6 7. h3 Bg7 8. Bf4
O-O 9. e3 Na6 10. Be2 Nc7 11. a4 Rb8 12. O-O a6 13. e4 Re8 14. Nd2 b5 15. axb5
axb5 16. Bf3 c4 17. Na2 Na6 18. Rc1 Bb7 19. Re1 Nc5 20. Nb4 Qb6 21. Ra1 Nfd7 22.
Qc2 Ne5 23. Be2 Rbc8 24. Qb1 Ra8 25. Be3 Rxa1 26. Qxa1 Ra8 27. Qb1 Qa5 28. Nc2
Ned3 29. Rf1 Nxb2 30. Bd4 Bxd4 31. Nxd4 Qxd2 32. Nxb5 Ba6 33. Nxd6 Qxe2 34. e5
Qxe5 35. Re1 Qxd6 36. Qxb2 Nd3 0-1

[Event "Mondiale Lampo FIDE 2017"]
[Site "Riyadh"]
[Date "29.12.2017"]
[Round "6.55"]
[White "Bukannan, Ahmed A"]
[Black "Al-Sayed, Mohammed"]
[Result "0-1"]
[BlackTitle "GM"]
[WhiteElo "1929"]
[BlackElo "2511"]
[WhiteFideId "21504164"]
[BlackFideId "12100196"]
[EventDate "2017.12.29"]

1. Nf3 d5 2. d4 c6 3. c4 Nf6 4. cxd5 cxd5 5. Nc3 Nc6 6. Bf4 Bf5 7. e3 e6 8. Bb5
Be7 9. O-O O-O 10. Ne5 Nxe5 11. Bxe5 Qb6 12. Qd2 Rac8 13. a3 Rxc3 14. Qxc3 Qxb5
15. Bxf6 Bxf6 16. Rfc1 h5 17. b4 Bd8 18. h3 Qa6 19. a4 Qd3 20. Qe1 a6 21. b5
axb5 22. Rc3 Ba5 23. Rxd3 Bxe1 24. Rb3 bxa4 25. Rxb7 Bd2 26. Rxa4 Rc8 27. Ra1
Rc2 28. Rb8+ Kh7 29. Rb7 Bg6 30. Rba7 Bb4 31. R7a2 Rc4 32. Ra4 Bd6 33. Ra6 Bc7
34. Ra7 Bf5 35. R7a4 Kg6 36. Ra8 f6 37. Rd1 Bd6 38. Raa1 Bc2 39. Rdc1 e5 40.
dxe5 Bxe5 41. Ra5 Be4 42. Rxc4 dxc4 43. Rc5 Bd3 44. f3 Bb2 45. Rd5 c3 46. Rc5 c2
47. Rxc2 Bxc2 48. Kf2 Bc1 49. g3 Kf5 50. g4+ Kg5 51. f4+ Kh4 52. gxh5 Kxh3 53.
Kf3 f5 0-1

[Event "Mondiale Lampo FIDE 2017"]
[Site "Riyadh"]
[Date "29.12.2017"]
[Round "6.56"]
[White "Al-Modiahki, Mohamad"]
[Black "Kuzubov, Yuriy"]
[Result "0-1"]
[WhiteTitle "GM"]
[BlackTitle "GM"]
[WhiteElo "2542"]
[BlackElo "2699"]
[WhiteFideId "12100030"]
[BlackFideId "14112906"]
[EventDate "2017.12.29"]

1. e4 c5 2. Nc3 Nc6 3. f4 g6 4. Nf3 Bg7 5. Bc4 e6 6. f5 Nge7 7. fxe6 dxe6 8. O-O
O-O 9. d3 Nd4 10. Bg5 h6 11. Bh4 g5 12. Bg3 Ng6 13. Nxd4 cxd4 14. Nb5 Be5 15. c3
Bxg3 16. hxg3 dxc3 17. bxc3 Bd7 18. Nd4 Rc8 19. Qh5 Kg7 20. Rac1 b5 21. Bb3 b4
22. Ne2 bxc3 23. Rxc3 Rxc3 24. Nxc3 Qb6+ 25. Kh2 Qd4 26. Ne2 Qxd3 27. Rd1 Qb5
28. Nd4 Qb7 0-1

[Event "Mondiale Lampo FIDE 2017"]
[Site "Riyadh"]
[Date "29.12.2017"]
[Round "6.57"]
[White "Kovalev, Vladislav"]
[Black "Ganguly, Surya Shekhar"]
[Result "0-1"]
[WhiteTitle "GM"]
[BlackTitle "GM"]
[WhiteElo "2639"]
[BlackElo "2650"]
[WhiteFideId "13504398"]
[BlackFideId "5002150"]
[EventDate "2017.12.29"]

1. e4 c5 2. Be2 Nc6 3. d3 d5 4. f4 e6 5. Nf3 Nf6 6. e5 Nd7 7. c3 b5 8. O-O Be7
9. Be3 Rb8 10. Nbd2 a5 11. d4 b4 12. c4 cxd4 13. Nxd4 Nxd4 14. Bxd4 Nc5 15. Rc1
O-O 16. b3 Bb7 17. Kh1 dxc4 18. Nxc4 Bd5 19. Qd2 Ne4 20. Qe3 f5 21. Nb6 Nc3 22.
Nxd5 Nxd5 23. Qf3 Qd7 24. Bc4 Rfd8 25. Rfd1 Qe8 26. h3 h6 27. Bf2 Qf7 28. Bxd5
Rxd5 29. Rxd5 exd5 30. Rc6 Rd8 31. Bd4 Qe8 32. Rc7 Rd7 33. Rc2 Qg6 34. Rc8+ Kh7
35. Qd3 Bh4 36. g4 Rf7 37. Be3 d4 38. Bd2 Bf2 39. Kh2 Be3 40. Bxe3 dxe3 41. Qd8
Qa6 42. Kg3 e2 43. Kf2 fxg4 44. hxg4 Rxf4+ 45. Kg2 Qb7+ 46. Kh2 Rf2+ 47. Kh3
Qf3+ 0-1

[Event "Mondiale Lampo FIDE 2017"]
[Site "Riyadh"]
[Date "29.12.2017"]
[Round "6.58"]
[White "Omar, Noaman"]
[Black "Van Foreest, Jorden"]
[Result "0-1"]
[WhiteTitle "IM"]
[BlackTitle "GM"]
[WhiteElo "2364"]
[BlackElo "2629"]
[WhiteFideId "9300244"]
[BlackFideId "1039784"]
[EventDate "2017.12.29"]

1. d4 e6 2. c4 b6 3. e4 Bb4+ 4. Bd2 Bxd2+ 5. Nxd2 d5 6. Ngf3 Ne7 7. Bd3 O-O 8.
O-O Nbc6 9. e5 h6 10. Rc1 dxc4 11. Nxc4 Nb4 12. Bb1 Bb7 13. a3 Nbd5 14. Re1 Nf5
15. Qd2 Nde7 16. Be4 Bxe4 17. Rxe4 Qd5 18. Rf4 Rad8 19. Ne3 Nxe3 20. fxe3 c5 21.
e4 Qb3 22. Rg4 Ng6 23. Rc3 Qb5 24. d5 exd5 25. exd5 Qd7 26. Rcc4 Qxd5 27. Qxd5
Rxd5 28. Rce4 Re8 29. h4 Nxe5 30. Nxe5 Rexe5 31. Rxe5 Rxe5 32. Ra4 a5 33. Rc4
Re2 34. b4 cxb4 35. axb4 Re8 36. bxa5 bxa5 37. Kf2 Ra8 38. Ra4 Kf8 39. Ke3 Ke7
40. Kd4 h5 41. Kc3 Kd6 42. Kb3 Kd5 43. Rf4 a4+ 44. Ka3 Ke6 45. g3 g6 46. Rf3 Ra5
47. Rf4 f6 48. Re4+ Re5 49. Rxa4 Re3+ 50. Kb2 Rxg3 51. Kc2 Rg4 52. Ra6+ Kf7 53.
Kd3 Rxh4 54. Ke3 Rg4 55. Kf3 f5 56. Rb6 Kg7 0-1

[Event "Mondiale Lampo FIDE 2017"]
[Site "Riyadh"]
[Date "29.12.2017"]
[Round "6.59"]
[White "Bosiocic, Marin"]
[Black "Dzhumagaliev, Yan"]
[Result "1-0"]
[WhiteTitle "GM"]
[BlackTitle "FM"]
[WhiteElo "2624"]
[BlackElo "2400"]
[WhiteFideId "14507927"]
[BlackFideId "24100110"]
[EventDate "2017.12.29"]

1. d4 Nf6 2. Bg5 d5 3. e3 c5 4. c3 Qb6 5. Qb3 c4 6. Qc2 Ne4 7. Bf4 g5 8. Bg3 h5
9. f3 Nxg3 10. hxg3 Qd6 11. Ne2 Nc6 12. Nd2 b5 13. e4 e5 14. exd5 Qxd5 15. Ne4
Be7 16. O-O-O b4 17. dxe5 Qxe5 18. Nd4 Nxd4 19. cxd4 Qa5 20. Bxc4 Bd7 21. Kb1
Rc8 22. Qd3 h4 23. Nc5 Rh6 24. Rhe1 Rf6 25. g4 Kd8 26. Qe3 Bxc5 27. dxc5 Qxc5
28. Qe8+ Kc7 29. Qxd7+ Kb6 30. Bb3 Rfc6 31. Qd4 Qxd4 32. Rxd4 a5 33. a4 f6 34.
Rd5 Ka6 35. Rb5 Rd8 36. Bd5 Rcd6 37. Bb7+ Ka7 38. Re7 Rd1+ 39. Ka2 R8d7 40. Rxd7
Rxd7 41. Be4 Rd2 42. Rxa5+ Kb6 43. Rf5 Rxg2 44. Rxf6+ Ka5 45. Kb3 Re2 46. Rf5+
Kb6 47. Rxg5 h3 48. Rh5 h2 49. a5+ Ka7 50. Rh7+ Kb8 51. a6 1-0

[Event "Mondiale Lampo FIDE 2017"]
[Site "Riyadh"]
[Date "29.12.2017"]
[Round "6.60"]
[White "El Adnani, Mokliss"]
[Black "Dobrov, Vladimir"]
[Result "0-1"]
[WhiteTitle "IM"]
[BlackTitle "GM"]
[WhiteElo "2448"]
[BlackElo "2515"]
[WhiteFideId "9000410"]
[BlackFideId "4136594"]
[EventDate "2017.12.29"]

1. d4 Nf6 2. Nf3 e6 3. g3 c5 4. Bg2 cxd4 5. Nxd4 Nc6 6. O-O Qb6 7. e3 d5 8. c4
Nxd4 9. exd4 dxc4 10. Nd2 Qxd4 11. Qa4+ Bd7 12. Qxc4 Qxc4 13. Nxc4 Bc6 14. Bxc6+
bxc6 15. Be3 Nd5 16. Rac1 f6 17. Na5 Nxe3 18. fxe3 c5 19. Rf4 Bd6 20. Rfc4 Ke7
21. R1c2 Rhc8 22. Nb7 Rab8 23. Nxc5 Rb5 24. Nd3 Rd8 25. Nf4 g5 26. Ne2 Be5 27.
b3 Rbd5 28. Ra4 R8d7 29. Kf2 h5 30. Ke1 a5 31. Rac4 Rd3 32. Kf2 Rd1 33. Rc1 R1d2
34. R1c2 Bb8 35. Ke1 R2d3 36. R4c3 Rd1+ 37. Kf2 Ba7 38. Rc7 Bb6 39. Rxd7+ Kxd7
40. Nc3 Rd3 41. Na4 Ba7 42. Re2 f5 43. Kf3 e5 44. h4 g4+ 45. Kf2 f4 46. gxf4
exf4 47. Ke1 Bxe3 48. Nb2 Rc3 0-1

[Event "Mondiale Lampo FIDE 2017"]
[Site "Riyadh"]
[Date "29.12.2017"]
[Round "6.61"]
[White "Al Habeeb, Emad"]
[Black "Haddouche, Mohamed"]
[Result "0-1"]
[BlackTitle "GM"]
[WhiteElo "1933"]
[BlackElo "2505"]
[WhiteFideId "21500029"]
[BlackFideId "7900660"]
[EventDate "2017.12.29"]

1. Nf3 Nf6 2. d4 g6 3. g3 Bg7 4. Bg2 O-O 5. O-O d6 6. c4 Nbd7 7. Nc3 e5 8. d5 a5
9. Bg5 h6 10. Bd2 Nc5 11. Qc2 Bf5 12. Qd1 Qd7 13. Re1 Bh3 14. Bh1 Nfe4 15. Qc2
Nxd2 16. Nxd2 f5 17. e3 g5 18. Nb5 f4 19. Nb3 Bf5 20. e4 Bg4 21. f3 Bh3 22. Nxc5
dxc5 23. Rad1 h5 24. Qf2 Rf6 25. Qxc5 Rc8 26. b3 g4 27. d6 c6 28. Nc7 Rcf8 29.
Qxe5 fxg3 30. Qxg3 gxf3 31. e5 f2+ 0-1

[Event "Mondiale Lampo FIDE 2017"]
[Site "Riyadh"]
[Date "29.12.2017"]
[Round "6.62"]
[White "Khader, Sami"]
[Black "Farhan, Marwan Ali"]
[Result "1-0"]
[WhiteTitle "IM"]
[WhiteElo "2392"]
[BlackElo "1975"]
[WhiteFideId "8100500"]
[BlackFideId "9401652"]
[EventDate "2017.12.29"]

1. e4 c5 2. Nf3 Nc6 3. c3 e6 4. d4 cxd4 5. cxd4 d6 6. Nc3 Nf6 7. Bd3 Be7 8. O-O
e5 9. d5 Nb8 10. Bd2 O-O 11. Rc1 Nbd7 12. b4 a6 13. a4 b6 14. Qb3 a5 15. Nb5
axb4 16. Bxb4 Nc5 17. Bxc5 bxc5 18. Nd2 Ba6 19. Nc4 Rb8 20. Rb1 Qd7 21. Qc3 Bxb5
22. axb5 Rxb5 23. Nxe5 dxe5 24. Bxb5 Qg4 25. f3 Qg5 26. Rbd1 Nh5 27. Qd2 Nf4 28.
g3 Bd6 29. Kh1 Nh3 30. Qxg5 Nxg5 31. Ra1 h5 32. Ra6 Rd8 33. Kg2 Bf8 34. Rfa1 Rb8
35. Be2 Rb2 36. R1a2 Rb1 37. Ra8 Nh7 38. d6 Rb4 39. d7 Rd4 40. d8=Q Rxd8 41.
Rxd8 g6 42. Bc4 Kg7 43. Ra7 Ng5 44. h4 Ne6 1-0

[Event "Mondiale Lampo FIDE 2017"]
[Site "Riyadh"]
[Date "29.12.2017"]
[Round "6.63"]
[White "Alem, Ali Hussien"]
[Black "Al Ghamdi, Ahmed M"]
[Result "1-0"]
[BlackTitle "CM"]
[WhiteElo "1745"]
[BlackElo "2159"]
[WhiteFideId "21500088"]
[BlackFideId "21500150"]
[EventDate "2017.12.29"]

1. d3 d5 2. g3 e5 3. Nd2 Nf6 4. Bg2 Be7 5. e4 O-O 6. exd5 Nxd5 7. Ngf3 Nc6 8.
O-O Bg4 9. h3 Bh5 10. Re1 f6 11. c3 Kh8 12. Qb3 Nb6 13. Ne4 Qxd3 14. Re3 Qc4 15.
Qxc4 Nxc4 16. Rd3 Bg6 17. Nh4 Rad8 18. Rxd8 Rxd8 19. b3 Nb6 20. Nxg6+ hxg6 21.
Be3 Nd5 22. Bc5 Bxc5 23. Nxc5 Na5 24. Rd1 Rd6 25. Rxd5 Rxd5 26. Bxd5 c6 27. Be6
b6 28. Nd7 Nb7 29. Nb8 Nd8 30. Bd7 c5 31. Nc6 Nf7 32. Nxa7 e4 33. Kg2 Ne5 34.
Be6 Nd3 35. Nc8 b5 36. Bd7 b4 37. c4 Nc1 38. Bb5 Nxa2 39. Ne7 Nc1 40. Ba4 Nd3
41. Nd5 Kg8 42. Ne7+ Kf7 43. Nc8 Ke6 44. Nb6 Kd6 45. Be8 Nc1 46. Ba4 Nd3 47. Nd5
Ne1+ 48. Kf1 Nd3 49. Ke2 f5 50. f3 Nc1+ 51. Kd1 Nd3 52. fxe4 fxe4 53. Kd2 Nf2
54. Ke3 Nxh3 55. Kxe4 Nf2+ 56. Kf3 Nd3 57. Nf4 Ne5+ 58. Ke4 Ng4 59. Nxg6 Nf6+
60. Kf5 Nh5 61. g4 Ng3+ 62. Kg5 Ne4+ 63. Kf4 Nf2 64. Nh4 Ke6 65. Nf5 Nd3+ 66.
Ke3 Ne5 67. Nxg7+ Kf7 68. Nf5 1-0

[Event "Mondiale Lampo FIDE 2017"]
[Site "Riyadh"]
[Date "29.12.2017"]
[Round "6.64"]
[White "Al-Hajiri, Bader"]
[Black "Al Zamel, Khaled"]
[Result "1-0"]
[WhiteTitle "FM"]
[WhiteElo "2165"]
[BlackElo "1942"]
[WhiteFideId "10300163"]
[BlackFideId "21500967"]
[EventDate "2017.12.29"]

1. e4 c6 2. d4 d6 3. f4 Qc7 4. Nf3 Bg4 5. Be2 Nd7 6. O-O Ngf6 7. e5 Nd5 8. c4
N5b6 9. exd6 exd6 10. Nc3 Be7 11. b3 O-O 12. Bb2 Nf6 13. h3 Bh5 14. g4 Bxg4 15.
hxg4 Nxg4 16. Qd3 Qd7 17. d5 Nh6 18. Ng5 g6 19. dxc6 bxc6 20. Nce4 Nf5 21. Bg4
d5 22. Qh3 h6 23. Bxf5 1-0

[Event "Mondiale Lampo FIDE 2017"]
[Site "Riyadh"]
[Date "29.12.2017"]
[Round "6.65"]
[White "Salama, Taher"]
[Black "Khairat, Ahmed"]
[Result "0-1"]
[BlackTitle "CM"]
[WhiteElo "1769"]
[BlackElo "2211"]
[WhiteFideId "11502231"]
[BlackFideId "10624171"]
[EventDate "2017.12.29"]

1. d4 e5 2. dxe5 f6 3. exf6 Nxf6 4. Nc3 Bc5 5. e3 O-O 6. Nf3 d5 7. Be2 c6 8. O-O
Qe7 9. a3 a5 10. Nd4 Nbd7 11. Bd3 Ne5 12. Be2 Bd7 13. b3 Rae8 14. Bb2 Neg4 15.
h3 Nxe3 16. fxe3 Qxe3+ 17. Kh1 Bxd4 18. Bd3 Ng4 19. Qe1 Rxf1+ 20. Qxf1 Qg3 0-1

[Event "Mondiale Lampo FIDE 2017"]
[Site "Riyadh"]
[Date "29.12.2017"]
[Round "6.66"]
[White "Amer, Said Salim Al Maashani"]
[Black "Al Mahmood, Salman"]
[Result "1-0"]
[WhiteTitle "FM"]
[WhiteElo "2103"]
[BlackElo "1593"]
[WhiteFideId "22000100"]
[BlackFideId "11201517"]
[EventDate "2017.12.29"]

1. e4 c5 2. Nf3 d6 3. d4 cxd4 4. Nxd4 Nf6 5. Nc3 a6 6. g3 e5 7. Nde2 Be7 8. Bg2
O-O 9. O-O Be6 10. h3 Nc6 11. Be3 b5 12. a4 b4 13. Nd5 Bxd5 14. exd5 Na5 15. b3
Nb7 16. f4 Qc7 17. g4 Rac8 18. Rc1 Nc5 19. Ng3 Rfe8 20. g5 Nfd7 21. f5 f6 22. g6
h6 23. Qh5 Bf8 24. Qg4 Nb7 25. Kh2 Nbc5 26. Rg1 Nb7 27. Nh5 Qc3 28. Qg3 Qc7 29.
Bf3 Nbc5 30. Rg2 e4 31. Be2 Ne5 32. Bxh6 gxh6 33. Nxf6+ Kg7 34. Nh5+ 1-0

[Event "Mondiale Lampo FIDE 2017"]
[Site "Riyadh"]
[Date "29.12.2017"]
[Round "6.67"]
[White "Alanazy, Mohammed"]
[Black "Masrahi, Abdulrahman A"]
[Result "1/2-1/2"]
[BlackTitle "CM"]
[WhiteElo "1850"]
[BlackElo "1962"]
[WhiteFideId "21508488"]
[BlackFideId "21501564"]
[EventDate "2017.12.29"]

1. e4 e5 2. Nf3 Nc6 3. d4 exd4 4. Nxd4 Bc5 5. Nxc6 Qf6 6. Qf3 dxc6 7. Qxf6 Nxf6
8. f3 Be6 9. Bg5 Nd7 10. Bh4 Ne5 11. Bf2 Bxf2+ 12. Kxf2 O-O-O 13. Be2 Nc4 14.
Bxc4 Bxc4 15. Ke3 Rhe8 16. g4 g6 17. Kf4 f6 18. h4 h5 19. gxh5 gxh5 20. Rg1 Rg8
21. Na3 Be6 22. Rxg8 Rxg8 23. Rd1 Rg2 24. e5 f5 25. b3 b5 26. Rh1 Kd7 27. Rh3
Ke7 28. Rg3 Rxg3 29. Kxg3 Kf7 30. Kf4 Kg6 31. Nb1 c5 32. Nd2 a5 33. a3 a4 34.
bxa4 bxa4 35. c3 Bd5 36. Nf1 Be6 37. Ne3 c6 38. Nd1 Bd5 39. Nb2 Bb3 40. Nd3 c4
41. Nc5 Bc2 42. e6 Kf6 43. Ke3 Bd1 44. f4 Bc2 45. Kd4 Bb3 46. Ke3 Bc2 47. Kd4
Bb3 48. Ke3 Bc2 49. Kd4 Bb3 1/2-1/2

[Event "Mondiale Lampo FIDE 2017"]
[Site "Riyadh"]
[Date "29.12.2017"]
[Round "6.68"]
[White "Al Saidi, Mohammed Khalfan"]
[Black "Potkin, Vladimir"]
[Result "0-1"]
[BlackTitle "GM"]
[WhiteElo "1468"]
[BlackElo "2574"]
[WhiteFideId "22001271"]
[BlackFideId "4131061"]
[EventDate "2017.12.29"]

1. d4 d5 2. c4 e6 3. Nc3 c6 4. Nf3 Nf6 5. Bg5 h6 6. Bh4 dxc4 7. a4 Bb4 8. e3 b5
9. axb5 cxb5 10. Ne5 Bb7 11. Be2 Nbd7 12. Nxd7 Qxd7 13. Bxf6 gxf6 14. Bf3 Rg8
15. O-O f5 16. Ne2 Bxf3 17. g3 Qe7 18. Qc2 Qh4 19. Nf4 Bd6 0-1

[Event "Mondiale Lampo FIDE 2017"]
[Site "Riyadh"]
[Date "29.12.2017"]
[Round "6.69"]
[White "Miswadah, Baha"]
[Black "Al Abdali, Zeyad Saleh"]
[Result "1-0"]
[WhiteElo "1877"]
[BlackElo "1801"]
[WhiteFideId "11502118"]
[BlackFideId "21501505"]
[EventDate "2017.12.29"]

1. e4 e5 2. Nf3 Nc6 3. Bc4 Bc5 4. O-O Nf6 5. d4 Bxd4 6. Nxd4 Nxd4 7. f4 d6 8.
fxe5 dxe5 9. Bg5 Be6 10. Bxe6 fxe6 11. c3 Nc6 12. Qb3 Qd7 13. Bxf6 gxf6 14. Rxf6
Qd1+ 15. Qxd1 1-0

[Event "Mondiale Lampo FIDE 2017"]
[Site "Riyadh"]
[Date "29.12.2017"]
[Round "7.2"]
[White "Karjakin, Sergey"]
[Black "Amonatov, Farrukh"]
[Result "1-0"]
[WhiteTitle "GM"]
[BlackTitle "GM"]
[WhiteElo "2760"]
[BlackElo "2636"]
[WhiteFideId "14109603"]
[BlackFideId "14700077"]
[EventDate "2017.12.29"]

1. e4 c5 2. Nf3 d6 3. d4 cxd4 4. Qxd4 Nc6 5. Bb5 Bd7 6. Qd3 g6 7. c4 Bg7 8. Nc3
Nf6 9. O-O O-O 10. h3 a6 11. Bxc6 Bxc6 12. Nd4 Nd7 13. Be3 Rc8 14. Rac1 Qa5 15.
b3 Rfe8 16. f3 Nf6 17. Rfd1 Nh5 18. Qd2 Be5 19. Qf2 Bg3 20. Qd2 Be5 21. Rc2 Ng3
22. Qf2 Nh5 23. Nde2 b5 24. Bb6 Qb4 25. cxb5 axb5 26. Rdc1 Rb8 27. Bd4 Nf4 28.
Bxe5 Nd3 29. Qd4 Qxd4+ 30. Bxd4 Nxc1 31. Nxc1 Rec8 32. Nd3 b4 33. Nd5 Bxd5 34.
Rxc8+ Rxc8 35. exd5 Rb8 36. Kf2 e5 37. dxe6 fxe6 38. Be3 Kf7 39. Bd2 e5 40. Nxb4
Ke6 41. a4 d5 42. Ke2 Rb7 43. Kd3 h5 44. Kc2 e4 45. fxe4 dxe4 46. a5 Rb5 47. a6
Ra5 48. Be3 Kd6 49. Bb6 1-0

[Event "Mondiale Lampo FIDE 2017"]
[Site "Riyadh"]
[Date "29.12.2017"]
[Round "7.4"]
[White "Korobov, Anton"]
[Black "Grigoriants, Sergey"]
[Result "1/2-1/2"]
[WhiteTitle "GM"]
[BlackTitle "GM"]
[WhiteElo "2652"]
[BlackElo "2561"]
[WhiteFideId "14105730"]
[BlackFideId "4130804"]
[EventDate "2017.12.29"]

1. d4 Nf6 2. c4 e6 3. Nf3 d5 4. Nc3 c5 5. cxd5 Nxd5 6. e4 Nxc3 7. bxc3 cxd4 8.
cxd4 Bb4+ 9. Bd2 Bxd2+ 10. Qxd2 O-O 11. Bc4 Nd7 12. O-O b6 13. Rfe1 Bb7 14. a4
Nf6 15. Bd3 h6 16. a5 bxa5 17. Rxa5 a6 18. h3 Qc7 19. Rc5 Qe7 20. Qe3 Rfc8 21.
Rec1 Rxc5 22. dxc5 Rc8 23. Ne5 Nd7 24. Nxd7 Qxd7 25. Ra1 Qc7 26. f3 Qxc5 27.
Qxc5 1/2-1/2

[Event "Mondiale Lampo FIDE 2017"]
[Site "Riyadh"]
[Date "29.12.2017"]
[Round "7.5"]
[White "Sjugirov, Sanan"]
[Black "Bacrot, Etienne"]
[Result "1/2-1/2"]
[WhiteTitle "GM"]
[BlackTitle "GM"]
[WhiteElo "2650"]
[BlackElo "2725"]
[WhiteFideId "4189302"]
[BlackFideId "605506"]
[EventDate "2017.12.29"]

1. Nf3 d5 2. d4 Nf6 3. Bg5 Ne4 4. Bh4 c5 5. e3 Nc6 6. Nbd2 Bf5 7. dxc5 Nxc5 8.
Be2 g6 9. Nd4 Bg7 10. Nxf5 gxf5 11. c3 O-O 12. O-O Qd6 13. Bg3 Be5 14. Nf3 Bxg3
15. hxg3 Rad8 16. Qc2 Qf6 17. Rad1 e6 18. a3 a6 19. Nd4 Ne5 20. Nf3 Nc6 21. Nd4
Ne5 22. Nf3 Nc6 23. Nd4 Ne5 1/2-1/2

[Event "Mondiale Lampo FIDE 2017"]
[Site "Riyadh"]
[Date "29.12.2017"]
[Round "7.6"]
[White "Kravtsiv, Martyn"]
[Black "Harikrishna, Pentala"]
[Result "1-0"]
[WhiteTitle "GM"]
[BlackTitle "GM"]
[WhiteElo "2672"]
[BlackElo "2744"]
[WhiteFideId "14113147"]
[BlackFideId "5007003"]
[EventDate "2017.12.29"]

1. e4 c5 2. Nf3 e6 3. d4 cxd4 4. Nxd4 Nc6 5. Nc3 Qc7 6. Be2 Nf6 7. Be3 a6 8. O-O
Be7 9. f4 d6 10. Kh1 O-O 11. Qe1 Nxd4 12. Bxd4 b5 13. Qg3 Bb7 14. a3 Bc6 15.
Rae1 Rad8 16. Bf3 Ne8 17. Qf2 Rc8 18. Rd1 Bf6 19. Rfe1 Bxd4 20. Qxd4 Rd8 21. e5
Bxf3 22. gxf3 d5 23. f5 Qc4 24. Rg1 Qxd4 25. Rxd4 exf5 26. Nxd5 Kh8 27. c3 g6
28. Rgd1 Ng7 29. Nc7 Rc8 30. Rd7 Kg8 31. R1d6 a5 32. Rd5 b4 33. axb4 axb4 34.
cxb4 Rb8 35. b5 Rb7 36. Na6 Rb6 37. R7d6 Rb7 38. b6 Nh5 39. Nc5 Rbb8 40. b7 Rfe8
41. Rd7 Nf4 42. Rd1 Kg7 43. Na6 Rxb7 44. Rxb7 Rxe5 45. Nb4 Re2 46. Nd3 Nh3 47.
b4 g5 48. Rb5 f4 49. Rd5 h5 50. b5 Kg6 51. b6 g4 52. fxg4 hxg4 53. b7 g3 54.
Nxf4+ Nxf4 55. hxg3 Nxd5 56. b8=Q Nf6 57. Qb1+ Kg7 58. Re1 Rd2 59. Qc1 Rd5 60.
Rf1 Kg6 61. Qf4 Rh5+ 62. Kg1 1-0

[Event "Mondiale Lampo FIDE 2017"]
[Site "Riyadh"]
[Date "29.12.2017"]
[Round "7.7"]
[White "Demchenko, Anton"]
[Black "Andriasian, Zaven"]
[Result "0-1"]
[WhiteTitle "GM"]
[BlackTitle "GM"]
[WhiteElo "2660"]
[BlackElo "2585"]
[WhiteFideId "4160258"]
[BlackFideId "13302000"]
[EventDate "2017.12.29"]

1. e4 d6 2. d4 Nf6 3. Nc3 g6 4. Be3 Bg7 5. f3 c6 6. Qd2 b5 7. Bh6 Bxh6 8. Qxh6
b4 9. Nce2 Nbd7 10. O-O-O Qa5 11. Kb1 Nb6 12. Nc1 Na4 13. Nb3 Qc7 14. Nh3 Bxh3
15. Qxh3 a5 16. d5 O-O 17. dxc6 Qxc6 18. Qh6 Rfc8 19. Qd2 Nc5 20. Nd4 Qb6 21. h4
a4 22. h5 b3 23. cxb3 axb3 24. a3 Na4 25. hxg6 fxg6 26. Bb5 Rc2 27. Qb4 Rxb2+
28. Ka1 Ra2+ 29. Kb1 Rb2+ 30. Ka1 Qc5 31. Nxb3 Ra2+ 32. Kxa2 Qc2+ 0-1

[Event "Mondiale Lampo FIDE 2017"]
[Site "Riyadh"]
[Date "29.12.2017"]
[Round "7.8"]
[White "Grischuk, Alexander"]
[Black "Bortnyk, Olexandr"]
[Result "1-0"]
[WhiteTitle "GM"]
[BlackTitle "GM"]
[WhiteElo "2772"]
[BlackElo "2610"]
[WhiteFideId "4126025"]
[BlackFideId "14120828"]
[EventDate "2017.12.29"]

1. e4 Nf6 2. e5 Nd5 3. d4 d6 4. Nf3 dxe5 5. dxe5 Nc6 6. Bb5 Bg4 7. h3 Bh5 8.
Bxc6+ bxc6 9. e6 fxe6 10. O-O Nf6 11. Qe2 e5 12. Nbd2 e4 13. Nxe4 Nxe4 14. Qxe4
Qd5 15. Re1 Bxf3 16. gxf3 Qxe4 17. Rxe4 O-O-O 18. Be3 a5 19. Ra4 Rd5 20. c4 Rf5
21. c5 g6 22. Rxa5 Bg7 23. Rd1 Kb7 24. Rd3 Rb8 25. Bc1 Kc8 26. b3 e6 27. Kg2 Bf8
28. Be3 Be7 29. a3 Rd5 30. Rxd5 exd5 31. b4 Bf6 32. Ra7 Bb2 33. Bf4 Rb7 34. Ra8+
Rb8 35. Ra7 Rb7 36. Ra6 Kd7 37. Kf1 Bd4 38. Ke2 h5 39. Bg3 Bb2 40. Kd3 Bf6 41.
Ra8 Bd8 42. Be5 Rb5 43. Bd4 Rb7 44. Kc3 Bg5 45. Kc2 Bf4 46. Bc3 Ke6 47. Kd3 Bh2
48. a4 d4 49. Kxd4 Bg1 50. Kc4 Bxf2 51. a5 Rb5 52. a6 Kd7 53. a7 Rb7 54. Rd8+ 1-0

[Event "Mondiale Lampo FIDE 2017"]
[Site "Riyadh"]
[Date "29.12.2017"]
[Round "7.9"]
[White "Esipenko, Andrey"]
[Black "Ivanchuk, Vassily"]
[Result "1-0"]
[WhiteTitle "FM"]
[BlackTitle "GM"]
[WhiteElo "2564"]
[BlackElo "2726"]
[WhiteFideId "24175439"]
[BlackFideId "14100010"]
[EventDate "2017.12.29"]

1. d4 Nf6 2. c4 e6 3. Nf3 b6 4. g3 Ba6 5. Qc2 c5 6. d5 exd5 7. cxd5 g6 8. Nc3
Bg7 9. e4 Bxf1 10. Kxf1 d6 11. Kg2 O-O 12. Bf4 a6 13. a4 Nh5 14. Bg5 Qc7 15. g4
Nf6 16. h3 Nbd7 17. Bf4 c4 18. Rad1 Nc5 19. Bg3 Rfe8 20. Rd4 Nb3 21. Rdd1 Rab8
22. Rhe1 Nd7 23. Na2 b5 24. Nb4 Ndc5 25. Nc6 Nxa4 26. Nxb8 Qxb8 27. e5 dxe5 28.
d6 Qb7 29. d7 Rd8 30. Bxe5 Rxd7 31. Rxd7 Qxd7 32. Rd1 Qe7 33. Bxg7 Kxg7 34. Nd4
Nac5 35. Nxb3 Nxb3 36. Qc3+ Kg8 37. Re1 Qd8 38. Qe5 Qd2 39. Re3 Nd4 40. Qd6 Qxb2
41. Re8+ Kg7 42. Qf8+ Kf6 43. Qh8+ Kg5 44. Qe5+ f5 45. Qe7+ Kh6 46. Qh4+ Kg7 47.
Re7+ 1-0